| 000 | 00992nas a2200301 4500 | ||
|---|---|---|---|
| 001 | BR0705405 | ||
| 003 | BR-BrBNA | ||
| 005 | 20231205111152.0 | ||
| 007 | ta | ||
| 008 | 230509b bl.|||p| |||| 00| 00por d | ||
| 040 |
_aBR-BrBNA _bpor _cBiblioteca Nacional de Agricultura |
||
| 041 | _a(Pt) | ||
| 072 | _aL51 | ||
| 100 | 1 | _aPrada, F. | |
| 100 | 1 | _aZogno, M.A. | |
| 100 | 1 | _aRusso, H.G. | |
| 100 | 1 | _aZylberkan, F. | |
| 100 | 1 | _aAraújo, J.I. de | |
| 100 | 1 | _aMendonça Júnior, C.X. de | |
| 245 | 1 | _aEstudo da composição mineral de algumas plantas forrageiras oriundas do Estado do Mato Grosso do Sul. 3. Manganês | |
| 650 | _aELEMENTO QUIMICO | ||
| 650 | _aMANGANES | ||
| 650 | _aMATO GROSSO DO SUL | ||
| 650 | _aPLANTA FORRAGEIRA | ||
| 773 | 0 |
_tRevista da Faculdade de Medicina Veterinária e Zootecnia da Universidade de São Paulo (Brazil) _xISSN 0303-7525 _g(1983), v. 20(1) p. 63-67 _wBR0705405 |
|
| 909 |
_a202311 _bLúcia _c55 _dLúcia Elande |
||
| 942 |
_2AGRIS _n0 _cANA |
||
| 999 |
_c191094 _d191094 |
||